<?xml version="1.0" encoding="UTF-8"?>
<record
    xmlns:xsi="http://www.w3.org/2001/XMLSchema-instance"
    xsi:schemaLocation="http://www.loc.gov/MARC21/slim http://www.loc.gov/standards/marcxml/schema/MARC21slim.xsd"
    xmlns="http://www.loc.gov/MARC21/slim">

  <leader>00367nam a22001337a 4500</leader>
  <datafield tag="082" ind1=" " ind2=" ">
    <subfield code="a">891.4393</subfield>
    <subfield code="b">QUD</subfield>
    <subfield code="c">N-1, P-50</subfield>
  </datafield>
  <datafield tag="100" ind1=" " ind2=" ">
    <subfield code="a">Qudrat Ullah Shahab</subfield>
    <subfield code="9">9763</subfield>
  </datafield>
  <datafield tag="245" ind1=" " ind2=" ">
    <subfield code="a">&#x6CC;&#x627; &#x62E;&#x62F;&#x627;</subfield>
    <subfield code="c">Qudrat Ullah Shahab</subfield>
  </datafield>
  <datafield tag="260" ind1=" " ind2=" ">
    <subfield code="a">Lahore</subfield>
    <subfield code="b">Sang e meel</subfield>
    <subfield code="c">1999</subfield>
  </datafield>
  <datafield tag="300" ind1=" " ind2=" ">
    <subfield code="a">102 p.</subfield>
    <subfield code="b">text</subfield>
    <subfield code="c">22 cm</subfield>
  </datafield>
  <datafield tag="526" ind1=" " ind2=" ">
    <subfield code="a">0</subfield>
    <subfield code="b">0</subfield>
    <subfield code="c">0</subfield>
    <subfield code="d">891_439300000000000_QUD</subfield>
  </datafield>
  <datafield tag="650" ind1=" " ind2=" ">
    <subfield code="a">NUST</subfield>
    <subfield code="9">6342</subfield>
  </datafield>
  <datafield tag="942" ind1=" " ind2=" ">
    <subfield code="2">ddc</subfield>
    <subfield code="c">BK</subfield>
  </datafield>
  <datafield tag="999" ind1=" " ind2=" ">
    <subfield code="c">550561</subfield>
    <subfield code="d">550561</subfield>
  </datafield>
  <datafield tag="952" ind1=" " ind2=" ">
    <subfield code="0">0</subfield>
    <subfield code="1">0</subfield>
    <subfield code="2">ddc</subfield>
    <subfield code="4">0</subfield>
    <subfield code="7">0</subfield>
    <subfield code="a">MCE</subfield>
    <subfield code="b">MCE</subfield>
    <subfield code="d">2014-11-14</subfield>
    <subfield code="l">1</subfield>
    <subfield code="o">891.4393 QUD</subfield>
    <subfield code="p">MCE-44725</subfield>
    <subfield code="r">2015-11-30</subfield>
    <subfield code="s">2015-11-16</subfield>
    <subfield code="w">2014-11-14</subfield>
    <subfield code="y">BK</subfield>
  </datafield>
</record>
